<?xml version="1.0" encoding="UTF-8"?>
<record
    xmlns:xsi="http://www.w3.org/2001/XMLSchema-instance"
    xsi:schemaLocation="http://www.loc.gov/MARC21/slim http://www.loc.gov/standards/marcxml/schema/MARC21slim.xsd"
    xmlns="http://www.loc.gov/MARC21/slim">

  <leader>00810nam a22002171i 4500</leader>
  <datafield tag="999" ind1=" " ind2=" ">
    <subfield code="c">23297</subfield>
    <subfield code="d">23297</subfield>
  </datafield>
  <controlfield tag="001">vtls009705370</controlfield>
  <controlfield tag="005">20220823091950.0</controlfield>
  <controlfield tag="008">090725s1987    SK o    r     000   slo d</controlfield>
  <datafield tag="020" ind1=" " ind2=" ">
    <subfield code="c">180,-K&#x10D;s</subfield>
  </datafield>
  <datafield tag="035" ind1=" " ind2=" ">
    <subfield code="a">(SVKBBclas03)vtls000075236</subfield>
  </datafield>
  <datafield tag="040" ind1=" " ind2=" ">
    <subfield code="a">SVKBB</subfield>
    <subfield code="b">slo</subfield>
    <subfield code="c">SVKBB</subfield>
    <subfield code="e">AACR2</subfield>
  </datafield>
  <datafield tag="041" ind1="1" ind2=" ">
    <subfield code="a">slo</subfield>
    <subfield code="h">cze</subfield>
  </datafield>
  <datafield tag="080" ind1=" " ind2=" ">
    <subfield code="a">7:069</subfield>
  </datafield>
  <datafield tag="100" ind1="1" ind2=" ">
    <subfield code="a">Kotal&#xED;k, Ji&#x159;&#xED; T.,</subfield>
    <subfield code="d">1951-2020,</subfield>
    <subfield code="9">3289</subfield>
  </datafield>
  <datafield tag="245" ind1="0" ind2="0">
    <subfield code="a">N&#xE1;rodn&#xE1; gal&#xE9;ria v Prahe 1</subfield>
    <subfield code="b">Zbierka star&#xE9;ho eur&#xF3;pskeho umenia. Zbierka star&#xE9;ho &#x10D;esk&#xE9;ho umenia</subfield>
    <subfield code="c">Ji&#x159;&#xED; Kotal&#xED;k a kol.; &#xFA;v. nap. a uspor. aut.; z &#x10D;es. orig. prel. Bo&#x17E;ena Gre&#x10D;nerov&#xE1;</subfield>
  </datafield>
  <datafield tag="250" ind1=" " ind2=" ">
    <subfield code="a">1. vyd.</subfield>
  </datafield>
  <datafield tag="260" ind1=" " ind2=" ">
    <subfield code="a">Bratislava</subfield>
    <subfield code="b">Tatran</subfield>
    <subfield code="c">1987</subfield>
  </datafield>
  <datafield tag="300" ind1=" " ind2=" ">
    <subfield code="a">33 s.</subfield>
    <subfield code="b">Lit. na s. 333</subfield>
    <subfield code="e">Viaz. fotogr. pr&#xED;l.</subfield>
  </datafield>
  <datafield tag="650" ind1="0" ind2="7">
    <subfield code="a">gal&#xE9;rie</subfield>
    <subfield code="z">&#x10C;eskoslovensko.</subfield>
    <subfield code="9">3290</subfield>
  </datafield>
  <datafield tag="700" ind1="1" ind2=" ">
    <subfield code="a">Gre&#x10D;nerov&#xE1;, Bo&#x17E;ena.</subfield>
    <subfield code="e">prekl.</subfield>
    <subfield code="9">3291</subfield>
  </datafield>
  <datafield tag="952" ind1=" " ind2=" ">
    <subfield code="0">0</subfield>
    <subfield code="1">0</subfield>
    <subfield code="2">udc</subfield>
    <subfield code="4">0</subfield>
    <subfield code="7">0</subfield>
    <subfield code="8">D</subfield>
    <subfield code="a">10000</subfield>
    <subfield code="b">10000</subfield>
    <subfield code="d">2022-08-23</subfield>
    <subfield code="i">21630</subfield>
    <subfield code="o">S1534</subfield>
    <subfield code="p">S1534</subfield>
    <subfield code="r">2022-08-23</subfield>
    <subfield code="w">2022-08-23</subfield>
    <subfield code="y">OLDO</subfield>
  </datafield>
</record>
